00625 a2200181 4500010001400000020002300014035001300037037001500050082001500065245012000080260005700200260003600257270005700293300002200350500002000372700002400392700002700416 aENG-88339 a8173046808c750.00 aEN-71872 bDBAD / VEN00a363.72095410aWater and sanitation:cedited by Christine Sijbesma [and] Meine Pieter Van Dijkbinstitutional challenges in India/ aNew DelhibManohar Publishers and Distributorsc2006 aNew DelhibPansy Books (Vendor) a4753/23, Ansari Road, Daryaganj,bNew Delhie110 002 a298p.c22cm (Hb) aIncludes index aSijbesma, Christine aPieter Van Dijk, Meine